000 00759nam a2200253 a 4500
001 10529
003 CO-ViMGA
008 141112s2004 ck r 000 u spa d
020 _a958957324
040 _aCO-ViMGA
_bspa
_cCO-ViMGA
082 0 4 _aCo864.6 L15m
100 1 _aLadinez Castro ; Vicente,
_914201
245 1 0 _aMiradas y aproximaciones a la obra Multiple de Otto Morales Benitez
250 _a1
260 _aTunja :
_bEditorial ABC,
_c1996
300 _a196p. : il.
490 _aAcademia Boyacense de Historia
650 1 4 _aCOLECCIONES
_914202
650 1 4 _aENSAYOS COLOMBIANOS
_91215
650 1 4 _aESCRITORES COLOMBIANOS
_914203
650 1 4 _aLITERATURA COLOMBIANA
_91068
650 1 4 _aMORALES BENITEZ OTTO - 1920
_914204
942 _2ddc
_cBK
999 _c21852
_d21852